[Event "Sant Gregori Ajuntament op 2nd"]
[Site "Sant Gregori"]
[Date "2017.07.05"]
[Round "3.10"]
[White "Farre i Benseny, Miquel"]
[Black "Bordas Galobardes, Miquel A"]
[Result "0-1"]
[WhiteElo "1835"]
[BlackElo "1916"]
[PlyCount "48"]
[EventDate "2017.07.03"]
[EventType "swiss"]
[EventRounds "7"]
[EventCountry "ESP"]
[SourceTitle "EXT 2024"]
[Source "ChessBase"]
[SourceDate "2023.10.10"]
[SourceVersion "1"]
[SourceVersionDate "2023.10.10"]
[SourceQuality "1"]

1. e4 d5 2. exd5 Nf6 3. Nc3 Nxd5 4. Nxd5 Qxd5 5. c4 Qe4+ 6. Qe2 Qg6 7. Nf3 Nc6 8. g3 Bg4 9. Qe3 Nb4 10. Nd4 c5 11. Qb3 Qe4+ 12. Ne2 Qxh1 13. Qa4+ Bd7 14. Qb3 Bh3 15. Qa4+ Nc6 16. d3 Qxf1+ 17. Kd2 Qxf2 18. Qb5 0-0-0 19. b3 Bg4 20. Ba3 Qxe2+ 21. Kc1 Rxd3 22. Kb1 Nd4 23. Qxc5+ Kb8 24. Qa5 Qc2# 0-1